Score 0/12 Timer 01:30
0 Plays Today
% Correct
France
97.6%
United States
96.9%
United Kingdom
94.1%
United Arab Emirates
92.9%
Germany
84.6%
Iceland
82.5%
Greece
72.6%
Switzerland
61%
Iraq
49.3%
Mongolia
46.6%
Thailand
46.2%
India
44.8%

Today's Daily Dose

Remove Ads.
Support Sporcle.
Get the best of Sporcle when you Go Orange. This ad-free experience offers more features, more stats, and more fun while also helping to support Sporcle. Thank you for becoming a member.

You're not logged in!

Compare scores with friends on all Sporcle quizzes.
OR
Log In

Show Comments

Extras

Top Quizzes Today


Score Distribution

Your Account Isn't Verified!

In order to create a playlist on Sporcle, you need to verify the email address you used during registration. Go to your Sporcle Settings to finish the process.

Report this User

Report this user for behavior that violates our Community Guidelines.

Details: